[Event "GBR-ch71"]
[Site "Brighton"]
[Date "1984.08.06"]
[Round "7"]
[White "Needham, Teresa"]
[Black "Freeman, Richard CP"]
[Result "0-1"]
[WhiteElo "2075"]
[BlackElo "2095"]
[PlyCount "67"]
[EventDate "1984.07.30"]
[EventType "swiss"]
[EventRounds "11"]
[EventCountry "GBR"]
[SourceTitle "BritBase"]
[Source "John Saunders"]
[SourceDate "2020.09.07"]
[SourceVersion "1"]
[SourceVersionDate "2020.09.07"]
[SourceQuality "2"]

1. e4 c5 2. Nf3 Nc6 3. d4 cxd4 4. Nxd4 e5 5. Nb5 a6 6. Nd6+ Bxd6 7. Qxd6 Qf6 8.
Qd1 Qg6 9. Nc3 d5 10. exd5 Nd4 11. Bd3 Qxg2 12. Be4 Qh3 13. Qd3 Nf6 14. Be3
Nxe4 15. Bxd4 Ng5 16. Qxh3 Bxh3 17. Bxe5 Nf3+ 18. Kd1 Bg2 19. Re1 Nxe1 20. Kxe1
O-O-O 21. f4 Bxd5 22. Rd1 Bc6 23. Bd4 Rhe8+ 24. Kf2 Re6 25. Be5 Rxd1 26. Nxd1
f6 27. Bc3 Bb5 28. Ne3 Re4 29. Kf3 Bc6 30. a3 Kd7 31. f5 Ke7 32. h3 h5 33. Nf1
Rg4+ 34. Kf2 0-1

[Event "GBR-ch71"]
[Site "Brighton"]
[Date "1984.08.06"]
[Round "7"]
[White "O'Hara, Michael J"]
[Black "Dunnington, Angus J"]
[Result "1-0"]
[WhiteElo "2215"]
[BlackElo "2325"]
[PlyCount "53"]
[EventDate "1984.07.30"]
[EventType "swiss"]
[EventRounds "11"]
[EventCountry "GBR"]
[SourceTitle "BritBase"]
[Source "John Saunders"]
[SourceDate "2020.09.07"]
[SourceVersion "1"]
[SourceVersionDate "2020.09.07"]
[SourceQuality "2"]

1. e4 c6 2. c4 d5 3. exd5 cxd5 4. cxd5 Nf6 5. Nc3 Nxd5 6. Bc4 e6 7. Nf3 Be7 8.
O-O O-O 9. d4 Nc6 10. Re1 Ncb4 11. Ne5 Nxc3 12. bxc3 Nd5 13. Bd3 Bd7 14. c4 Nf6
15. Bf4 Bb4 16. Re3 g6 17. Bh6 Re8 18. Rg3 Bc6 19. Qb1 Bf8 20. Bxg6 Bxh6 21.
Nxf7 Qxd4 22. Nxh6+ Kf8 23. Bxe8 Rxe8 24. Qb4+ Re7 25. Re1 Qd7 26. Rge3 Ke8 27.
Nf5 1-0

[Event "GBR-ch71"]
[Site "Brighton"]
[Date "1984.08.06"]
[Round "7"]
[White "Ravikumar, Vaidyanathan"]
[Black "Yeo, Michael J"]
[Result "1-0"]
[WhiteElo "2385"]
[BlackElo "2205"]
[PlyCount "79"]
[EventDate "1984.07.30"]
[EventType "swiss"]
[EventRounds "11"]
[EventCountry "GBR"]
[SourceTitle "BritBase"]
[Source "John Saunders"]
[SourceDate "2020.09.07"]
[SourceVersion "1"]
[SourceVersionDate "2020.09.07"]
[SourceQuality "2"]

1. d4 d5 2. Nf3 Nc6 3. c4 Bg4 4. cxd5 Bxf3 5. gxf3 Qxd5 6. e3 e5 7. Nc3 Bb4 8.
Bd2 Bxc3 9. bxc3 exd4 10. cxd4 Nge7 11. Be2 O-O-O 12. Qb3 Qf5 13. Rb1 Rd6 14.
Rg1 Rg6 15. Rg3 Rxg3 16. hxg3 Qh5 17. Kd1 Rd8 18. Qxb7+ Kd7 19. Qb5 Qxb5 20.
Rxb5 Ra8 21. Bc4 f6 22. Ke2 g5 23. g4 Rf8 24. Bc1 f5 25. Ba3 Rf6 26. Bb3 Nd8
27. Ba4 c6 28. Ra5 Nc8 29. Rxf5 Rxf5 30. gxf5 Nd6 31. e4 Nb5 32. Bb2 Nb7 33. d5
N7d6 34. dxc6+ Kxc6 35. f6 a6 36. e5 h5 37. exd6 Kxd6 38. Bxb5 axb5 39. Bc1 h4
40. Bxg5 1-0

[Event "GBR-ch71"]
[Site "Brighton"]
[Date "1984.08.06"]
[Round "7"]
[White "Ravisekhar, Raja"]
[Black "Plaskett, H James"]
[Result "0-1"]
[WhiteElo "2430"]
[BlackElo "2470"]
[PlyCount "64"]
[EventDate "1984.07.30"]
[EventType "swiss"]
[EventRounds "11"]
[EventCountry "GBR"]
[SourceTitle "BritBase"]
[Source "John Saunders"]
[SourceDate "2020.09.07"]
[SourceVersion "1"]
[SourceVersionDate "2020.09.07"]
[SourceQuality "2"]

1. d4 d6 2. Nf3 g6 3. Bf4 Bg7 4. e3 Nf6 5. h3 O-O 6. Be2 Nbd7 7. O-O Qe8 8.
Nbd2 e5 9. Bh2 Qe7 10. a4 a5 11. c3 b6 12. Qb3 Bb7 13. Qa3 exd4 14. cxd4 Nd5
15. Rfc1 f5 16. Bc4 N7f6 17. b4 Kh8 18. b5 Bh6 19. Kh1 g5 20. Bxd5 Bxd5 21. Ne5
Rae8 22. Nc6 Qf7 23. Kg1 f4 24. exf4 gxf4 25. Nf3 Rg8 26. Kh1 Re2 27. Rf1 Ne4
28. Rae1 Rxf2 29. Rxf2 Nxf2+ 30. Kg1 Nxh3+ 31. Kh1 Nf2+ 32. Kg1 Qg6 0-1

[Event "GBR-ch71"]
[Site "Brighton"]
[Date "1984.08.06"]
[Round "7"]
[White "Shaw, Robert"]
[Black "Buchanan, Walter F"]
[Result "1/2-1/2"]
[WhiteElo "2050"]
[BlackElo "2160"]
[PlyCount "61"]
[EventDate "1984.07.30"]
[EventType "swiss"]
[EventRounds "11"]
[EventCountry "GBR"]
[SourceTitle "BritBase"]
[Source "John Saunders"]
[SourceDate "2020.09.07"]
[SourceVersion "1"]
[SourceVersionDate "2020.09.07"]
[SourceQuality "2"]

1. e4 e6 2. d4 d5 3. e5 c5 4. c3 Nc6 5. Nf3 Qb6 6. a3 Bd7 7. g3 a5 8. Bh3 Qa6
9. Qe2 Qxe2+ 10. Kxe2 a4 11. dxc5 Bxc5 12. Be3 b6 13. Nbd2 Bxe3 14. Kxe3 Nge7
15. Rhe1 O-O 16. Ke2 Bc8 17. Kf1 Ng6 18. Kg1 Ba6 19. Bg4 Rac8 20. h4 Rfd8 21.
Rac1 Bc4 22. h5 Nf8 23. Nd4 Nd7 24. f4 Nc5 25. Nxc4 dxc4 26. Nxc6 Rxc6 27. Rcd1
Rcc8 28. Be2 b5 29. Kf2 Kf8 30. Ke3 Ke7 31. g4 1/2-1/2

[Event "GBR-ch71"]
[Site "Brighton"]
[Date "1984.08.06"]
[Round "7"]
[White "Short, Nigel David"]
[Black "Thipsay, Praveen Mahadeo"]
[Result "1-0"]
[WhiteElo "2510"]
[BlackElo "2445"]
[PlyCount "67"]
[EventDate "1984.07.30"]
[EventType "swiss"]
[EventRounds "11"]
[EventCountry "GBR"]
[SourceTitle "BritBase"]
[Source "John Saunders"]
[SourceDate "2020.09.07"]
[SourceVersion "1"]
[SourceVersionDate "2020.09.07"]
[SourceQuality "2"]

1. e4 e5 2. Nf3 Nc6 3. Bb5 a6 4. Ba4 Nf6 5. O-O Nxe4 6. d4 b5 7. Bb3 d5 8. dxe5
Be6 9. Be3 Be7 10. c3 O-O 11. Re1 Nc5 12. Bc2 Bg4 13. Nbd2 Ne6 14. Qb1 Kh8 15.
Bxh7 g6 16. Bxg6 fxg6 17. Qxg6 Bf5 18. Qh6+ Kg8 19. g4 Bxg4 20. Qg6+ Kh8 21.
Kh1 Bf5 22. Qh6+ Bh7 23. Qxe6 Qe8 24. Rg1 Rf7 25. Qh3 Rf5 26. Bh6 Bf8 27. Bxf8
Qxf8 28. Rg5 Re8 29. Rxf5 Qxf5 30. Qxf5 Bxf5 31. Re1 Bg4 32. Ng5 Rf8 33. Kg2
Ne7 34. Nb3 1-0

[Event "GBR-ch71"]
[Site "Brighton"]
[Date "1984.08.06"]
[Round "7"]
[White "Thomas, Nicholas A"]
[Black "Waddingham, Graham A"]
[Result "1-0"]
[WhiteElo "2040"]
[BlackElo "2215"]
[PlyCount "75"]
[EventDate "1984.07.30"]
[EventType "swiss"]
[EventRounds "11"]
[EventCountry "GBR"]
[SourceTitle "BritBase"]
[Source "John Saunders"]
[SourceDate "2020.09.07"]
[SourceVersion "1"]
[SourceVersionDate "2020.09.07"]
[SourceQuality "2"]

1. e4 e5 2. Nf3 Nc6 3. Bc4 Bc5 4. c3 Nf6 5. b4 Bb6 6. d3 d6 7. a4 a5 8. b5 Ne7
9. O-O O-O 10. Nbd2 Ng6 11. Bb3 c6 12. Nc4 Bc7 13. Ba3 Re8 14. Ne3 h6 15. Qc2
Nf4 16. g3 Nh3+ 17. Kg2 g6 18. Nh4 Nh5 19. Nxg6 Ng5 20. Kh1 Bh3 21. Qe2 Bxf1
22. Rxf1 Nf6 23. f4 exf4 24. gxf4 Ne6 25. f5 Ng7 26. Qg2 Nfh5 27. f6 d5 28.
Ne7+ Rxe7 29. Bxe7 Qd7 30. Nf5 Kh7 31. Nxg7 Rg8 32. exd5 cxd5 33. Bxd5 Nf4 34.
Qe4+ Kh8 35. Bxf7 Qh3 36. Rxf4 Bxf4 37. Qxf4 Ra8 38. Be6 1-0

[Event "GBR-ch71"]
[Site "Brighton"]
[Date "1984.08.06"]
[Round "7"]
[White "Vaidya, Arun B"]
[Black "Parameswaran, Tiruchi N"]
[Result "1-0"]
[WhiteElo "2370"]
[BlackElo "2365"]
[PlyCount "79"]
[EventDate "1984.07.30"]
[EventType "swiss"]
[EventRounds "11"]
[EventCountry "GBR"]
[SourceTitle "BritBase"]
[Source "John Saunders"]
[SourceDate "2020.09.07"]
[SourceVersion "1"]
[SourceVersionDate "2020.09.07"]
[SourceQuality "2"]

1. d4 g6 2. c4 Bg7 3. e4 d6 4. Be3 c5 5. Nc3 cxd4 6. Bxd4 Nf6 7. Nd5 Nbd7 8.
Nxf6+ Bxf6 9. Nf3 Qa5+ 10. Qd2 Qxd2+ 11. Kxd2 O-O 12. Bxf6 Nxf6 13. Bd3 b6 14.
Nd4 Bb7 15. f3 Nd7 16. Rhc1 Nc5 17. Bc2 a5 18. b3 e5 19. Nb5 Bc6 20. Nc3 f5 21.
Ke3 fxe4 22. Nxe4 Bxe4 23. Bxe4 Rad8 24. Bd5+ Kg7 25. Rab1 Rd7 26. b4 axb4 27.
Rxb4 Ra7 28. Rxb6 Ra3+ 29. Kd2 Rxa2+ 30. Rc2 Rxc2+ 31. Kxc2 Rd8 32. Rc6 Kf6 33.
Rc7 Rd7 34. Rc8 Kg5 35. g3 Kf6 36. Rf8+ Kg7 37. Ra8 Kf6 38. Kc3 Ne6 39. Kb4 Nd4
40. Ka5 1-0

[Event "GBR-ch71"]
[Site "Brighton"]
[Date "1984.08.07"]
[Round "8"]
[White "Basman, Michael John"]
[Black "Flear, Glenn C"]
[Result "1-0"]
[WhiteElo "2390"]
[BlackElo "2455"]
[PlyCount "93"]
[EventDate "1984.07.30"]
[EventType "swiss"]
[EventRounds "11"]
[EventCountry "GBR"]
[SourceTitle "BritBase"]
[Source "John Saunders"]
[SourceDate "2020.09.07"]
[SourceVersion "1"]
[SourceVersionDate "2020.09.07"]
[SourceQuality "2"]

1. d4 d5 2. Nf3 Nf6 3. e3 c5 4. c3 Qd6 5. c4 cxd4 6. exd4 dxc4 7. Bxc4 e6 8.
O-O Be7 9. Nc3 O-O 10. Nb5 Qd8 11. Bf4 a6 12. Nc7 Ra7 13. d5 exd5 14. Nxd5 Nxd5
15. Bxd5 Nd7 16. Re1 Bc5 17. Rc1 b6 18. Bb3 h6 19. Bg3 Bb7 20. a3 a5 21. Rc2 a4
22. Ba2 Qa8 23. Nh4 Nf6 24. Be5 Rd8 25. Rd2 Rxd2 26. Qxd2 Ne4 27. Bxf7+ Kxf7
28. Qd7+ Be7 29. Qf5+ Ke8 30. Qg6+ Kd8 31. Rd1+ Bd5 32. Qe6 Rd7 33. Qxb6+ Ke8
34. Nf5 Qc6 35. Nxg7+ Kf7 36. Qe3 Bc5 37. Qf4+ Kg8 38. Nf5 Bxf2+ 39. Kh1 Qg6
40. Bd6 Rxd6 41. Ne7+ Kg7 42. Nxg6 Bc5 43. Qf8+ Kxg6 44. Rxd5 Nf2+ 45. Qxf2
Rxd5 46. Qc2+ Kg5 47. g3 1-0

[Event "GBR-ch71"]
[Site "Brighton"]
[Date "1984.08.07"]
[Round "8"]
[White "Buchanan, Walter F"]
[Black "Crouch, Colin S"]
[Result "1/2-1/2"]
[WhiteElo "2160"]
[BlackElo "2360"]
[PlyCount "26"]
[EventDate "1984.07.30"]
[EventType "swiss"]
[EventRounds "11"]
[EventCountry "GBR"]
[SourceTitle "BritBase"]
[Source "John Saunders"]
[SourceDate "2020.09.07"]
[SourceVersion "1"]
[SourceVersionDate "2020.09.07"]
[SourceQuality "2"]

1. e3 e6 2. f4 f5 3. b3 Nf6 4. Bb2 b6 5. Nf3 Bb7 6. g3 Be7 7. Bg2 O-O 8. O-O c5
9. d3 Nc6 10. Nbd2 Qc7 11. Qe2 d5 12. e4 fxe4 13. dxe4 d4 1/2-1/2

[Event "GBR-ch71"]
[Site "Brighton"]
[Date "1984.08.07"]
[Round "8"]
[White "Chandler, Murray G"]
[Black "Thipsay, Praveen Mahadeo"]
[Result "1/2-1/2"]
[WhiteElo "2540"]
[BlackElo "2445"]
[PlyCount "130"]
[EventDate "1984.07.30"]
[EventType "swiss"]
[EventRounds "11"]
[EventCountry "GBR"]
[SourceTitle "BritBase"]
[Source "John Saunders"]
[SourceDate "2020.09.07"]
[SourceVersion "1"]
[SourceVersionDate "2020.09.07"]
[SourceQuality "2"]

1. e4 e5 2. Nf3 Nc6 3. Bb5 a6 4. Ba4 Nf6 5. O-O Be7 6. Re1 b5 7. Bb3 O-O 8. a4
Bb7 9. d3 d6 10. Nc3 Na5 11. Ba2 b4 12. Ne2 c5 13. Ng3 b3 14. Bxb3 Nxb3 15.
cxb3 Re8 16. Bd2 a5 17. Nf5 Bf8 18. Bc3 Nd7 19. Ne3 Nb8 20. Nd2 Nc6 21. Ndc4
Nb4 22. Bxb4 axb4 23. Qg4 Re6 24. Nd5 Be7 25. f4 exf4 26. Qxf4 Bf6 27. Rf1 Rc8
28. Kh1 Qf8 29. Rf3 Be5 30. Qg4 Bxd5 31. exd5 Re7 32. Raf1 Rd8 33. Na5 Rde8 34.
Nc6 Rb7 35. R3f2 g6 36. a5 Ra8 37. Qc4 Bd4 38. a6 Rd7 39. Re2 Be5 40. Ra1 f6
41. h3 Qc8 42. Rf2 Kg7 43. Qg4 Qe8 44. a7 Qf7 45. Nxe5 dxe5 46. Rxf6 Qxd5 47.
Rfa6 Qxd3 48. Qe6 Qd5 49. Qf6+ Kh6 50. Qh4+ Kg7 51. Qf6+ Kh6 52. h4 e4 53. Rf1
e3 54. Re6 Rdxa7 55. Qf4+ Kg7 56. Qxe3 Rf8 57. Rxf8 Kxf8 58. Re5 Qd4 59. Qh6+
Rg7 60. Re1 Kg8 61. Re8+ Kf7 62. Ra8 Qd1+ 63. Kh2 Qd6+ 64. g3 Qd4 65. Ra7+ Kg8
1/2-1/2

[Event "GBR-ch71"]
[Site "Brighton"]
[Date "1984.08.07"]
[Round "8"]
[White "Conquest, Stuart"]
[Black "Botterill, George Steven"]
[Result "1-0"]
[WhiteElo "2300"]
[BlackElo "2430"]
[PlyCount "79"]
[EventDate "1984.07.30"]
[EventType "swiss"]
[EventRounds "11"]
[EventCountry "GBR"]
[SourceTitle "BritBase"]
[Source "John Saunders"]
[SourceDate "2020.09.07"]
[SourceVersion "1"]
[SourceVersionDate "2020.09.07"]
[SourceQuality "2"]

1. d4 Nf6 2. c4 g6 3. Nc3 Bg7 4. e4 d6 5. Nf3 O-O 6. Be2 e5 7. O-O Nc6 8. d5
Ne7 9. Ne1 Nd7 10. Nd3 f5 11. Bd2 Nf6 12. f3 Kh8 13. a4 f4 14. c5 g5 15. Rc1 c6
16. cxd6 Qxd6 17. dxc6 Nxc6 18. Nb5 Qe7 19. Qe1 a6 20. Rxc6 bxc6 21. Bb4 Qd8
22. Nd6 Be6 23. Qc3 a5 24. Ba3 Nd7 25. Qxc6 Qb6+ 26. Qxb6 Nxb6 27. Nc5 Bg8 28.
Bb5 Nc8 29. Nd7 Nxd6 30. Bxd6 Rfd8 31. Be7 Bc4 32. Rd1 Re8 33. Bxg5 Bb3 34. Rd3
Bc2 35. Rd2 Rac8 36. Nb6 Bf8 37. Nxc8 Rxc8 38. Bf6+ Bg7 39. Rd8+ Rxd8 40. Bxd8
{time} 1-0

[Event "GBR-ch71"]
[Site "Brighton"]
[Date "1984.08.07"]
[Round "8"]
[White "Davies, Nigel Rodney"]
[Black "O'Hara, Michael J"]
[Result "1-0"]
[WhiteElo "2340"]
[BlackElo "2215"]
[PlyCount "81"]
[EventDate "1984.07.30"]
[EventType "swiss"]
[EventRounds "11"]
[EventCountry "GBR"]
[SourceTitle "BritBase"]
[Source "John Saunders"]
[SourceDate "2020.09.07"]
[SourceVersion "1"]
[SourceVersionDate "2020.09.07"]
[SourceQuality "2"]

1. Nf3 g6 2. e4 Bg7 3. d4 d6 4. c3 Nf6 5. Bd3 O-O 6. O-O Nc6 7. b4 a6 8. Nbd2
e5 9. dxe5 Nxe5 10. Nxe5 dxe5 11. Nc4 Be6 12. Qe2 Nd7 13. f3 c5 14. Be3 b5 15.
Na5 Qc7 16. a4 c4 17. Bc2 Rfd8 18. Qf2 Bf6 19. Rad1 Rac8 20. g3 Qb8 21. Ba7 Qc7
22. Rfe1 Bg5 23. Kg2 Ra8 24. Be3 Bxe3 25. Qxe3 Nb6 26. axb5 axb5 27. h4 Rd7 28.
Rxd7 Nxd7 29. h5 Rf8 30. Rd1 Nb8 31. Qd2 Nc6 32. Nxc6 Qxc6 33. Kf2 Ra8 34. Qg5
Qb6+ 35. Ke2 h6 36. Qxh6 Ra2 37. Rd2 Bh3 38. hxg6 Bf1+ 39. Kxf1 Ra1+ 40. Bd1
fxg6 41. Rd7 1-0

[Event "GBR-ch71"]
[Site "Brighton"]
[Date "1984.08.07"]
[Round "8"]
[White "Dawson, Craig R"]
[Black "Thomas, Nicholas A"]
[Result "1/2-1/2"]
[WhiteElo "2300"]
[BlackElo "2040"]
[PlyCount "25"]
[EventDate "1984.07.30"]
[EventType "swiss"]
[EventRounds "11"]
[EventCountry "GBR"]
[SourceTitle "BritBase"]
[Source "John Saunders"]
[SourceDate "2020.09.07"]
[SourceVersion "1"]
[SourceVersionDate "2020.09.07"]
[SourceQuality "2"]

1. d4 Nf6 2. g3 d5 3. Bg2 Bf5 4. Nf3 e6 5. O-O Be7 6. c4 c6 7. b3 Ne4 8. Bb2 h5
9. Nfd2 Bf6 10. f3 Nc5 11. b4 Nca6 12. a3 c5 13. b5 1/2-1/2

[Event "GBR-ch71"]
[Site "Brighton"]
[Date "1984.08.07"]
[Round "8"]
[White "Gallagher, Joseph G"]
[Black "Ravisekhar, Raja"]
[Result "1/2-1/2"]
[WhiteElo "2295"]
[BlackElo "2430"]
[PlyCount "127"]
[EventDate "1984.07.30"]
[EventType "swiss"]
[EventRounds "11"]
[EventCountry "GBR"]
[SourceTitle "BritBase"]
[Source "John Saunders"]
[SourceDate "2020.09.07"]
[SourceVersion "1"]
[SourceVersionDate "2020.09.07"]
[SourceQuality "2"]

1. e4 c5 2. Nf3 d6 3. d4 cxd4 4. Nxd4 Nf6 5. Nc3 g6 6. Be3 Bg7 7. f3 Nc6 8. Qd2
O-O 9. g4 Nxd4 10. Bxd4 Be6 11. O-O-O Qa5 12. a3 Rab8 13. h4 b5 14. Nd5 Qxd2+
15. Rxd2 Bxd5 16. exd5 Rb7 17. Bh3 Nd7 18. f4 Bxd4 19. Rxd4 Nb6 20. g5 Rc7 21.
Re1 a6 22. Bg4 Rb8 23. h5 Rbb7 24. hxg6 hxg6 25. Rh1 Rb8 26. Rd3 Kg7 27. Rdh3
Rg8 28. f5 gxf5 29. Bxf5 Nxd5 30. Rh7+ Kf8 31. g6 e5 32. gxf7 Rxf7 33. Be6 Rxh7
34. Rxh7 Rg1+ 35. Kd2 Rg2+ 36. Kc1 Ne3 37. Bb3 d5 38. Rh5 e4 39. Bxd5 Rxc2+ 40.
Kb1 Rc5 41. Rh8+ Kg7 42. Rg8+ Kh7 43. Bb3 Nc4 44. Bxc4 Rxc4 45. Rg4 Kh6 46. b3
Kh5 47. Rg8 Rd4 48. Kc2 a5 49. Kc3 Rd3+ 50. Kc2 b4 51. axb4 axb4 52. Re8 Rd4
53. Rg8 Kh4 54. Rg7 e3 55. Re7 Rd2+ 56. Kc1 Rd3 57. Kc2 Rc3+ 58. Kd1 Kg3 59.
Ke2 Kf4 60. Rf7+ Ke4 61. Re7+ Kd5 62. Rd7+ Kc6 63. Rd3 Kc5 64. Kxe3 1/2-1/2

[Event "GBR-ch71"]
[Site "Brighton"]
[Date "1984.08.07"]
[Round "8"]
[White "Granat, Russell"]
[Black "Morrison, Graham"]
[Result "1-0"]
[WhiteElo "2265"]
[BlackElo "2335"]
[PlyCount "121"]
[EventDate "1984.07.30"]
[EventType "swiss"]
[EventRounds "11"]
[EventCountry "GBR"]
[SourceTitle "BritBase"]
[Source "John Saunders"]
[SourceDate "2020.09.07"]
[SourceVersion "1"]
[SourceVersionDate "2020.09.07"]
[SourceQuality "2"]

1. e4 c5 2. Nf3 d6 3. c3 Nf6 4. Bd3 Bg4 5. h3 Bxf3 6. Qxf3 Nc6 7. Bc2 g6 8. O-O
Bg7 9. d3 O-O 10. a4 a6 11. Qe2 b5 12. Be3 Nd7 13. Rd1 b4 14. d4 bxc3 15. bxc3
Qb6 16. e5 cxd4 17. cxd4 Qb2 18. Na3 dxe5 19. Nc4 Qb8 20. Be4 Nxd4 21. Bxd4
exd4 22. Rab1 Qd8 23. Bxa8 Qxa8 24. Qxe7 Nf6 25. Rb7 Nd5 26. Qd7 Nc3 27. Re1
Nxa4 28. Ra7 Qb8 29. Nd6 Nb6 30. Qc7 Qxc7 31. Rxc7 Nd5 32. Rc8 Rxc8 33. Nxc8
Bf8 34. Re8 a5 35. Rd8 Nc3 36. Kf1 a4 37. Nb6 Kg7 38. Rxd4 a3 39. Rd8 Bc5 40.
Nc4 a2 41. Ra8 Bd4 42. Nd2 h5 43. Nb3 Be5 44. Nc1 f5 45. Nxa2 Ne4 46. Nb4 h4
47. Nd3 Bd6 48. Ra6 Kf7 49. Ra7+ Ke6 50. Rh7 g5 51. f4 Be7 52. fxg5 Bxg5 53.
Ke2 Kf6 54. Ra7 Ke6 55. Ra5 Kf6 56. Ra6+ Kg7 57. Rc6 Kh7 58. Nc5 Nc3+ 59. Kf3
Nb1 60. Ne6 Bh6 61. Nd4 1-0

[Event "GBR-ch71"]
[Site "Brighton"]
[Date "1984.08.07"]
[Round "8"]
[White "Hartston, William Roland"]
[Black "Kosten, Anthony C"]
[Result "1/2-1/2"]
[WhiteElo "2440"]
[BlackElo "2420"]
[PlyCount "123"]
[EventDate "1984.07.30"]
[EventType "swiss"]
[EventRounds "11"]
[EventCountry "GBR"]
[SourceTitle "BritBase"]
[Source "John Saunders"]
[SourceDate "2020.09.07"]
[SourceVersion "1"]
[SourceVersionDate "2020.09.07"]
[SourceQuality "2"]

1. e4 e6 2. d4 d5 3. Nc3 Bb4 4. e5 Ne7 5. a3 Bxc3+ 6. bxc3 c5 7. Nf3 Bd7 8.
dxc5 Ba4 9. Rb1 Nd7 10. Rb4 Bc6 11. Bd3 Ng6 12. O-O Nxc5 13. Re1 Nd7 14. h4 Qc7
15. h5 Ngxe5 16. Nxe5 Nxe5 17. Bf4 f6 18. Qe2 O-O-O 19. Bxe5 fxe5 20. Qxe5 Rde8
21. Rg4 Re7 22. c4 h6 23. cxd5 Bxd5 24. Qxc7+ Kxc7 25. Re3 Rd8 26. f4 Rdd7 27.
Kf2 Kd6 28. c4 Bc6 29. Re5 b6 30. Ke3 Rc7 31. Kd4 Be8 32. Bg6 Ba4 33. Rg3 Rc5
34. Rge3 Be8 35. Bxe8 Rxe8 36. Rxc5 bxc5+ 37. Ke4 Ke7 38. Ke5 Rf8 39. g4 Rb8
40. f5 exf5 41. Kxf5+ Kf7 42. Re5 Rb3 43. Rxc5 Rf3+ 44. Ke5 Re3+ 45. Kd6 Rxa3
46. Rf5+ Ke8 47. Kc7 Rc3 48. c5 a5 49. c6 a4 50. Re5+ Kf7 51. Ra5 a3 52. Kd6
Rd3+ 53. Ke5 Ke7 54. Ra7+ Kd8 55. Rxg7 a2 56. Ra7 Rd2 57. g5 hxg5 58. Kf5 Rh2
59. Kxg5 Rg2+ 60. Kf5 Rf2+ 61. Kg4 Rh2 62. Kg5 1/2-1/2

[Event "GBR-ch71"]
[Site "Brighton"]
[Date "1984.08.07"]
[Round "8"]
[White "Hasan, Younus"]
[Black "Clarke, Thomas M"]
[Result "0-1"]
[WhiteElo "2290"]
[BlackElo "2080"]
[PlyCount "54"]
[EventDate "1984.07.30"]
[EventType "swiss"]
[EventRounds "11"]
[EventCountry "GBR"]
[SourceTitle "BritBase"]
[Source "John Saunders"]
[SourceDate "2020.09.07"]
[SourceVersion "1"]
[SourceVersionDate "2020.09.07"]
[SourceQuality "2"]

1. e4 e6 2. d3 d5 3. Nd2 Nf6 4. g3 b6 5. Bg2 Bb7 6. Qe2 Be7 7. Ngf3 O-O 8. O-O
c5 9. Re1 Nc6 10. e5 Ne8 11. c3 Nc7 12. h4 f5 13. Nf1 b5 14. b3 a5 15. Bf4 a4
16. Red1 Ra5 17. Rab1 axb3 18. axb3 Qa8 19. Ng5 b4 20. cxb4 Nxb4 21. Ne3 h6 22.
Nh3 Nb5 23. Qe1 Ra2 24. Bf3 d4 25. Bxb7 Qxb7 26. Nc4 Nc3 27. Nd6 Qf3 0-1

[Event "GBR-ch71"]
[Site "Brighton"]
[Date "1984.08.07"]
[Round "8"]
[White "Hawkes, Robert"]
[Black "Baker, Chris W"]
[Result "0-1"]
[WhiteElo "2365"]
[BlackElo "2235"]
[PlyCount "64"]
[EventDate "1984.07.30"]
[EventType "swiss"]
[EventRounds "11"]
[EventCountry "GBR"]
[SourceTitle "BritBase"]
[Source "John Saunders"]
[SourceDate "2020.09.07"]
[SourceVersion "1"]
[SourceVersionDate "2020.09.07"]
[SourceQuality "2"]

1. e4 e5 2. f4 Bc5 3. Nf3 d6 4. c3 Nf6 5. d4 Bb6 6. fxe5 Nxe4 7. Bd3 d5 8. O-O
O-O 9. Bxe4 dxe4 10. Nfd2 Qd5 11. Kh1 c5 12. Nb3 Nc6 13. dxc5 Qxd1 14. Rxd1 Bc7
15. Re1 Nxe5 16. Rxe4 Bf5 17. Re1 Nd3 18. Rf1 Bg4 19. c4 Be2 20. Rf5 Nxc1 21.
Nxc1 Bxc4 22. Nc3 Rad8 23. Nb3 Rfe8 24. Kg1 g6 25. Rf2 Be5 26. Ne4 Re6 27. Ng5
Rf6 28. Nf3 Bf4 29. Rc2 Bd5 30. Re1 Re6 31. Rd1 Kg7 32. Kf2 Bxb3 0-1

[Event "GBR-ch71"]
[Site "Brighton"]
[Date "1984.08.07"]
[Round "8"]
[White "Hodgson, Julian M"]
[Black "Arkell, Keith C"]
[Result "1-0"]
[WhiteElo "2450"]
[BlackElo "2345"]
[PlyCount "98"]
[EventDate "1984.07.30"]
[EventType "swiss"]
[EventRounds "11"]
[EventCountry "GBR"]
[SourceTitle "BritBase"]
[Source "John Saunders"]
[SourceDate "2020.09.07"]
[SourceVersion "1"]
[SourceVersionDate "2020.09.07"]
[SourceQuality "2"]

1. e4 c6 2. d4 d5 3. f3 g6 4. Be3 Bg7 5. Nc3 Na6 6. Bxa6 bxa6 7. Qd2 Rb8 8. b3
Qa5 9. Nge2 dxe4 10. fxe4 Nf6 11. e5 Nd5 12. Nxd5 Qxd2+ 13. Kxd2 cxd5 14. Nf4
Bb7 15. Nd3 O-O 16. Bg5 Rfe8 17. g4 a5 18. a4 Ba6 19. Nc5 Bc8 20. h3 Rb6 21.
Rae1 h6 22. Be3 f6 23. Bf4 g5 24. exf6 Rxf6 25. Be5 Rf2+ 26. Kc1 Bxe5 27. Rxe5
e6 28. Rhe1 Kf7 29. Nd3 Rh2 30. R5e3 Kg7 31. Ne5 Re7 32. Rc3 Bb7 33. Ree3 Rh1+
34. Kb2 Rd1 35. Red3 Rxd3 36. cxd3 Kf6 37. Rc5 a6 38. Rxa5 Rc7 39. b4 h5 40. b5
axb5 41. axb5 hxg4 42. hxg4 Bc8 43. Ra8 Bb7 44. Ra7 Rh7 45. Kb3 Rc7 46. Kb4 Rc2
47. Rxb7 Rb2+ 48. Kc5 Rc2+ 49. Kd6 Rc6+ 1-0

[Event "GBR-ch71"]
[Site "Brighton"]
[Date "1984.08.07"]
[Round "8"]
[White "Howell, James C"]
[Black "Hebden, Mark L"]
[Result "1-0"]
[WhiteElo "2340"]
[BlackElo "2480"]
[PlyCount "65"]
[EventDate "1984.07.30"]
[EventType "swiss"]
[EventRounds "11"]
[EventCountry "GBR"]
[SourceTitle "BritBase"]
[Source "John Saunders"]
[SourceDate "2020.09.07"]
[SourceVersion "1"]
[SourceVersionDate "2020.09.07"]
[SourceQuality "2"]

1. e4 e5 2. Nf3 Nc6 3. Bb5 a6 4. Ba4 Nf6 5. O-O Be7 6. Re1 b5 7. Bb3 O-O 8. d4
d6 9. c3 Bg4 10. d5 Na5 11. Bc2 c6 12. h3 Bc8 13. dxc6 Qc7 14. Nbd2 Qxc6 15.
Nf1 Nc4 16. Ng3 Be6 17. Nf5 Qc7 18. Nxe7+ Qxe7 19. b3 Na5 20. Ba3 Rfd8 21. Nxe5
Bxb3 22. axb3 Qxe5 23. Qd2 Nb7 24. Rad1 Rac8 25. Re3 Rc6 26. Bb1 Nc5 27. c4
bxc4 28. Bb2 Qf4 29. e5 Nfe4 30. Qe2 Ng5 31. Rd4 Qxd4 32. Bxd4 Nxb3 33. exd6
1-0